Geelong Cats 2022 AFL Playing List - Statistics

General Stats
  • This quiz has been taken 291 times
    272 since last reset
  • The average score is 23 of 43
Answer Stats
Jumper # Player Name % Correct
5 Jeremy Cameron
93%
35 Patrick Dangerfield
89%
26 Tom Hawkins
89%
14 Joel Selwood
88%
1 Rhys Stanley
87%
18 Tyson Stengle
79%
29 Cameron Guthrie
78%
7 Isaac Smith
77%
44 Tom Stewart
77%
39 Zach Guthrie
77%
3 Brandan Parfitt
76%
2 Zach Tuohy
74%
46 Mark Blicavs
73%
22 Mitch Duncan
70%
9 Max Holmes
69%
16 Sam De Koning
69%
45 Brad Close
68%
23 Gary Rohan
65%
32 Gryan Miers
65%
38 Jack Henry
63%
30 Tom Atkins
62%
24 Jed Bews
55%
4 Shaun Higgins
55%
42 Mark O'Connor
52%
8 Jake Kolodjashnij
49%
17 Esava Ratugolea
46%
27 Sam Menegola
46%
6 Toby Conway
41%
15 Jonathon Ceglar
35%
10 Mitch Knevitt
35%
40 Luke Dahlhaus
34%
28 Ollie Dempsey
34%
33 Shannon Neale
33%
12 Cooper Stephens
32%
37 Sam Simpson
32%
19 Quinton Narkle
28%
31 Francis Evans
24%
11 Cooper Whyte
22%
21 Nick Stevens
17%
20 James Willis
15%
25 Flynn Kroeger
14%
36 Paul Tsapatolis
14%
41 * Zane Williams
11%
No matching quizzes found
Score Distribution
Percent of People with Each Score
Percentile by Number Answered
Your Score History
You have not taken this quiz since the last reset